000 00531nam a22001817a 4500
003 NUST
005 20260316144728.0
008 260316b ||||| |||| 00| 0 eng d
020 _a 978-0534931582
082 _a515.35
_bDEN
100 _a Dennis G. Zill, Michael R. Cullen
_955020
245 _aDifferential Equations With Boundary-Value Problems /
_c Dennis G. Zill, Michael R. Cullen.
250 _a3rd Edition
260 _bBrooks Cole,
_c1992.
300 _a772 p ;
_c30.00 cm
563 _aHardcover
942 _2ddc
_cBK
999 _c616699
_d616699